| 000 | 00831nam a2200205 a 4500 | ||
|---|---|---|---|
| 008 | 060503s2005 ||||||||||||||||| || u | ||
| 020 | _a0821363425 | ||
| 050 | _aIBRD(06)DD/2005/10 | ||
| 100 | _aKomives, Kristin | ||
| 245 | 1 | 0 |
_aWater, electricity, and the poor: who benefits from utility subsidies? _cby Kristin Komives; [and others] |
| 260 |
_aWashington, D. C.: _bWorld Bank _c2005 |
||
| 300 | _axvii; 283p.: ill. | ||
| 350 | _a0.00 | ||
| 490 | _aDirections in development | ||
| 650 | _aSUBSIDIES--DEVELOPING COUNTRIES | ||
| 650 | _aPOOR--RESEARCH--DEVELOPING COUNTRIES | ||
| 650 | _aPUBLIC UTILITIES --DEVELOPING COUNTRIES--RATES | ||
| 710 | _aWorld Bank | ||
| 995 |
_D0.00 _FCBU-MAIN LIBRARY (Kitwe) _H1 _I0.00 _M1 _UAVAILABLE _WMay 3, 2006 _ZInternational Publications |
||
| 999 |
_c61472 _d61472 |
||